banner koha

Quantification and qualification of exhaust gases in agricultural diesel engine operating with biodiesel mixtures (Registro n. 257707)

MARC details
000 -LÍDER
campo de controle de tamanho fixo 01029nas a2200301 4500
001 - NÚMERO DE CONTROLE
campo de controle BR2019001706
003 - IDENTIFICADOR DO NÚMERO DE CONTROLE
campo de controle BR-BrBNA
005 - DATA E HORÁRIO DA ÚLTIMA TRANSAÇÃO
campo de controle 20231205131949.0
007 - CAMPO FIXO DE DESCRIÇÃO FÍSICA--INFORMAÇÃO GERAL
campo de controle de tamanho fixo ta
008 - CAMPO DE DADOS FIXOS--INFORMAÇÃO GERAL
campo de controle de tamanho fixo 230509b bl.|||p| |||| 00| 00por d
040 ## - FONTE DA CATALOGAÇÃO
Instituição da catalogação original BR-BrBNA
Idioma da catalogação por
Instituição que transcreveu o registro Biblioteca Nacional de Agricultura
041 ## - CÓDIGO DE IDIOMA
Código do idioma do texto/trilha sonora ou título diferente (En)
072 ## - CÓDIGO DE CATEGORIA DE ASSUNTO
Código de Categoria de Assunto N20
100 1# - ENTRADA PRINCIPAL--NOME PESSOAL
Nome pessoal Silva, F.C. da
100 1# - ENTRADA PRINCIPAL--NOME PESSOAL
Nome pessoal Aranha, F.N.
100 1# - ENTRADA PRINCIPAL--NOME PESSOAL
Nome pessoal Angelkorte, G.B.
100 1# - ENTRADA PRINCIPAL--NOME PESSOAL
Nome pessoal Guardiola, J.F.H.
100 1# - ENTRADA PRINCIPAL--NOME PESSOAL
Nome pessoal Teixeira, L.P.
100 1# - ENTRADA PRINCIPAL--NOME PESSOAL
Nome pessoal Correia, R.C. de B.
245 1# - TÍTULO
Título Quantification and qualification of exhaust gases in agricultural diesel engine operating with biodiesel mixtures
650 ## - ASSUNTO--TERMO TÓPICO
Cabeçalho tópico ou nome geográfico MÁQUINA AGRÍCOLA
650 ## - ASSUNTO--TERMO TÓPICO
Cabeçalho tópico ou nome geográfico TRATOR
650 ## - ASSUNTO--TERMO TÓPICO
Cabeçalho tópico ou nome geográfico BIOCOMBUSTÍVEL
773 0# - ENTRADA ANALÍTICA
Título Revista Brasileira de Engenharia Agrícola e Ambiental (Brazil)
ISSN - International Standard Serial Number ISSN 1807-1929
Partes relacionadas (Oct 2019), v. 23(10) p. 794-799
Número de controle do registro BR2019001706
856 40 - LOCALIZAÇÃO ELETRÔNICA E ACESSO
Uniform Resource Identifier <a href="http://www.scielo.br/pdf/rbeaa/v23n10/1415-4366-rbeaa-23-10-0794.pdf<br/><br/><br/><br/><br/>">http://www.scielo.br/pdf/rbeaa/v23n10/1415-4366-rbeaa-23-10-0794.pdf<br/><br/><br/><br/><br/></a>
909 ## -
-- 202311
-- Lúcia
-- 55
-- Lúcia Elande
942 ## - ELEMENTOS DE ENTRADA ADICIONADOS (KOHA)
Fonte da classificação ou esquema de arquivamento na estante Classificação AGRIS
Ocultar no OPAC Não
Tipo de material Koha Analítica
Exemplares
Situação do descarte Fonte da classificação ou esquema de arquivamento na estante Situação física Não pode ser emprestado Biblioteca de origem Biblioteca atual Localização na estante Enumeração do periódico / cronologia Total de empréstimos Data de último acesso Número do exemplar Tipo de material Koha Fonte de aquisição
  Classificação AGRIS   Consulta local Biblioteca Nacional de Agricultura - Binagri Biblioteca Nacional de Agricultura - Binagri   (Oct 2019), v. 23(10) p. 794-799   29/11/2023 01 Periódicos Portaria Interministerial nº 164/94

BINAGRI

Telefone: (61)3218-2567/2388/3357/2097 - binagri@agro.gov.br

Ministério da Agricultura e Pecuária , Esplanada dos Ministérios, Bloco D, Anexo B, Brasília/DF, CEP: 70.043-900